[Event "ECU-ch"]
[Site "Quito"]
[Date "2023.06.22"]
[Round "4"]
[White "Obaco Cuenca, Dalthon Farid"]
[Black "Mancheno Barahona, Matias Gabriel"]
[Result "1/2-1/2"]
[WhiteElo "1323"]
[BlackElo "1529"]
[PlyCount "78"]
[EventDate "2023.06.21"]
[EventType "swiss"]
[EventRounds "9"]
[EventCountry "ECU"]
[SourceTitle "CBM 215 Extra"]
[Source "ChessBase"]
[SourceDate "2023.09.30"]
[SourceVersion "1"]
[SourceVersionDate "2023.09.30"]
[SourceQuality "1"]

1. e4 c5 2. Nf3 g6 3. d4 Bg7 4. d5 d6 5. c4 b5 6. cxb5 Nf6 7. Nc3 a6 8. Be2 0-0 9. 0-0 axb5 10. Bxb5 Ba6 11. Re1 Qa5 12. Qa4 Bxb5 13. Qxb5 Qxb5 14. Nxb5 Na6 15. Bd2 Rfb8 16. a4 Rb7 17. Rac1 Nc7 18. Nxc7 Rxc7 19. b3 Rb7 20. Rb1 Rab8 21. h3 Rxb3 22. Rxb3 Rxb3 23. e5 dxe5 24. Nxe5 Nxd5 25. Nc6 e6 26. Rc1 Bc3 27. Rc2 Bxd2 28. Rxd2 Ra3 29. Rc2 Rxa4 30. Rxc5 Kg7 31. g3 Kf6 32. Nd8 Ke7 33. Nb7 Ra7 34. Rb5 Kd7 35. Rb3 h6 36. Nc5+ Kd6 37. Ne4+ Ke5 38. Nd2 f5 39. Kg2 Rc7 1/2-1/2

[Event "ECU Clasif2 U13"]
[Site "Chess.com INT"]
[Date "2020.12.18"]
[Round "5"]
[White "Obaco Cuenca, Dalthon Farid"]
[Black "Gruezo Garcia, Ainoha Camila"]
[Result "1-0"]
[WhiteElo "1309"]
[BlackElo "1299"]
[PlyCount "165"]
[EventDate "2020.12.18"]
[EventType "swiss"]
[EventRounds "9"]
[EventCountry "ECU"]
[SourceTitle "EXT 2022"]
[Source "ChessBase"]
[SourceDate "2021.10.06"]
[SourceVersion "1"]
[SourceVersionDate "2021.10.06"]
[SourceQuality "1"]

1. e4 b6 2. d4 Bb7 3. Nf3 Bxe4 4. Bd3 Bb7 5. Bf4 e6 6. Nc3 Bb4 7. Qd2 Bxc3 8. Qxc3 f5 9. Bxc7 Qc8 10. Be5 Qxc3+ 11. bxc3 Nf6 12. Ke2 Bxf3+ 13. Kxf3 Kf7 14. Rhe1 Nc6 15. c4 Rac8 16. d5 Na5 17. dxe6+ dxe6 18. Rad1 Nxc4 19. Bxf6 Kxf6 20. Bxc4 Rxc4 21. Re2 Rc7 22. Rd6 Re8 23. h3 Ree7 24. g4 Rc3+ 25. Kg2 g6 26. f4 h6 27. Rd8 Rc4 28. Kg3 Rc3+ 29. Kg2 Kf7 30. Red2 fxg4 31. hxg4 Rec7 32. R2d7+ Rxd7 33. Rxd7+ Kf6 34. Rxa7 Rxc2+ 35. Kg3 Rc4 36. Ra6 Rb4 37. Ra7 g5 38. fxg5+ hxg5 39. Ra8 e5 40. Rf8+ Ke7 41. Rf5 Ke6 42. Rxg5 Ra4 43. Rg6+ Kd5 44. Rxb6 Rxa2 45. Kh4 Ra4 46. Kh5 e4 47. g5 e3 48. g6 e2 49. Rb1 Ra8 50. Re1 Re8 51. g7 Kd4 52. Rxe2 Rxe2 53. g8Q Re5+ 54. Kg4 Re4+ 55. Kf3 Re3+ 56. Kf2 Re5 57. Qc8 Rd5 58. Qc6 Rc5 59. Qd6+ Rd5 60. Qb4+ Ke5 61. Ke3 Ke6 62. Ke4 Re5+ 63. Kf4 Rf5+ 64. Kg4 Rd5 65. Qc4 Ke5 66. Kf3 Rd4 67. Qc5+ Rd5 68. Qe3+ Kd6 69. Kf4 Kc6 70. Ke4 Rb5 71. Qc3+ Rc5 72. Qb4 Rb5 73. Qc4+ Rc5 74. Qe6+ Kb5 75. Kd4 Rc6 76. Qb3+ Ka6 77. Kd5 Rb6 78. Qa4+ Kb7 79. Kc5 Rh6 80. Qb3+ Kc7 81. Qg3+ Kb7 82. Qg7+ Ka6 83. Qxh6+ 1-0

[Event "ECU-ch Schools U13 Clas1"]
[Site "Chess.com INT"]
[Date "2020.11.18"]
[Round "9"]
[White "Ulloa Centeno, Luis Manuel"]
[Black "Obaco Cuenca, Dalthon Farid"]
[Result "0-1"]
[WhiteElo "1180"]
[BlackElo "1309"]
[PlyCount "116"]
[EventDate "2020.11.18"]
[EventType "swiss"]
[EventRounds "9"]
[EventCountry "ECU"]
[SourceTitle "CBM 199 Extra"]
[Source "ChessBase"]
[SourceDate "2021.01.31"]
[SourceVersion "1"]
[SourceVersionDate "2021.01.31"]
[SourceQuality "1"]

1. d4 Nf6 2. Bf4 g6 3. Nf3 d5 4. e3 Bf5 5. Bd3 Bxd3 6. Qxd3 Nbd7 7. c3 Bg7 8. Nbd2 e6 9. 0-0 0-0 10. h3 b6 11. Ne5 Nxe5 12. Bxe5 c5 13. Bh2 Qd7 14. f4 Rac8 15. Nf3 Ne4 16. Ne5 Qa4 17. b3 Qa5 18. c4 f5 19. cxd5 exd5 20. Rfc1 cxd4 21. Nc6 Qa3 22. exd4 Kh8 23. Rc2 Rc7 24. Rac1 Rfc8 25. Ne5 Rxc2 26. Rxc2 Qc1+ 27. Rxc1 Rxc1+ 28. Qf1 Rxf1+ 29. Kxf1 Bxe5 30. fxe5 Kg7 31. e6 Kf6 32. Bb8 a6 33. Ba7 b5 34. a4 Kxe6 35. axb5 axb5 36. b4 Nc3 37. Ke1 f4 38. Kd2 Ne4+ 39. Ke2 Kf5 40. Kf3 g5 41. Bb8 h5 42. Ba7 g4+ 43. hxg4+ hxg4+ 44. Ke2 Ng3+ 45. Kf2 Ke4 46. Bc5 Nf5 47. Bd6 Nxd6 48. Ke2 Nf5 49. Kf2 Nxd4 50. g3 fxg3+ 51. Kxg3 Nf5+ 52. Kf2 d4 53. Ke2 g3 54. Kf1 d3 55. Ke1 Ke3 56. Kf1 Nh4 57. Kg1 d2 58. Kf1 d1Q# 0-1

[Event "ECU-ch Schools U15 Clas2"]
[Site "Chess.com INT"]
[Date "2020.11.07"]
[Round "3"]
[White "Obaco Cuenca, Dalthon Farid"]
[Black "Garzon Zapatanga, Christopher Leonel"]
[Result "0-1"]
[WhiteElo "1309"]
[BlackElo "1697"]
[PlyCount "68"]
[EventDate "2020.11.07"]
[EventType "swiss"]
[EventRounds "9"]
[EventCountry "ECU"]
[SourceTitle "EXT 2022"]
[Source "ChessBase"]
[SourceDate "2021.10.06"]
[SourceVersion "1"]
[SourceVersionDate "2021.10.06"]
[SourceQuality "1"]

1. e4 c5 2. Nf3 d6 3. d4 cxd4 4. Nxd4 Nf6 5. Nc3 g6 6. Bc4 Bg7 7. Be3 Nc6 8. Qd2 Ng4 9. Nxc6 bxc6 10. Bg5 Rb8 11. Bb3 a5 12. 0-0-0 Be6 13. f3 Ne5 14. f4 Nc4 15. Qe2 Nxb2 16. Kxb2 a4 17. f5 axb3 18. cxb3 Bd7 19. Rhf1 Qa5 20. f6 exf6 21. Bxf6 Bxf6 22. Rxf6 Be6 23. Rxd6 Ke7 24. e5 Rhd8 25. Qd3 Qxe5 26. Rxd8 Rxd8 27. Rxe6+ Qxe6 28. Qa6 Rd2+ 29. Ka3 Qd6+ 30. Ka4 Qd4+ 31. b4 Qxc3 32. Qb7+ Rd7 33. Qb6 Qc2+ 34. Ka3 Rd3# 0-1

[Event "ECU-ch Schools U15 Clas1"]
[Site "Chess.com INT"]
[Date "2020.11.05"]
[Round "3"]
[White "Obaco Cuenca, Dalthon Farid"]
[Black "Miranda Vargas, Analia Karen"]
[Result "0-1"]
[WhiteElo "1309"]
[BlackElo "1520"]
[PlyCount "81"]
[EventDate "2020.11.05"]
[EventType "swiss"]
[EventRounds "9"]
[EventCountry "ECU"]
[SourceTitle "EXT 2022"]
[Source "ChessBase"]
[SourceDate "2021.10.06"]
[SourceVersion "1"]
[SourceVersionDate "2021.10.06"]
[SourceQuality "1"]

1. e4 e5 2. Nf3 Nc6 3. Bb5 Nf6 4. d3 Bc5 5. Nc3 d6 6. h3 Be6 7. 0-0 h6 8. Be3 Bb6 9. Qd2 a6 10. Ba4 Bxe3 11. fxe3 0-0 12. d4 exd4 13. exd4 d5 14. e5 Ne4 15. Nxe4 dxe4 16. Nh2 Nxe5 17. Rae1 Nc4 18. Qc3 f5 19. Bb3 b5 20. Rf4 Qd6 21. Rf2 Rad8 22. Rd1 e3 23. Re2 f4 24. Nf3 b4 25. Qe1 Nxb2 26. Bxe6+ Qxe6 27. Rb1 Qxa2 28. Qc1 Na4 29. Rxb4 Nc3 30. Re1 a5 31. Rb3 Ne4 32. Qa1 Qxc2 33. Rb7 Qf2+ 34. Kh1 Ng3+ 35. Kh2 Ne4 36. Rxc7 Qg3+ 37. Kg1 Rd5 38. Qa2 Qf2+ 39. Qxf2 exf2+ 40. Kf1 fxe1Q+ 41. Kxe1 0-1